[Event "Williamson Sheild 2026"]
[Site "Maynard Sinclaire Pavilion, Stormont, Belfast, United Kingdom"]
[Date "2026.01.25"]
[Round "5.5"]
[White "Roberts, Danny"]
[Black "Razbadauskas, Modestas"]
[Result "1-0"]
[TimeControl "60' + 30\""]
[WhiteFideId "2501074"]
[BlackFideId "2513358"]
[WhiteElo "1932"]
[BlackElo "1764"]

1. Nf3 {[%clk 01:00:58]} {[%emt 00:00:36]} d5 {[%clk 01:01:09]} {[%emt
00:00:05]} 2. g3 {[%clk 01:01:14]} {[%emt 00:00:04]} c5 {[%clk 01:01:18]}
{[%emt 00:00:18]} 3. Bg2 {[%clk 01:01:33]} {[%emt 00:00:16]} Nc6 {[%clk
01:01:30]} {[%emt 00:00:12]} 4. c4 {[%clk 01:01:51]} {[%emt 00:00:09]} e6
{[%clk 01:01:45]} {[%emt 00:00:17]} 5. O-O {[%clk 01:02:08]} {[%emt 00:00:54]}
b6 {[%clk 01:01:37]} 6. d4 {[%clk 01:02:00]} {[%emt 00:00:54]} Bb7 {[%clk
01:01:00]} {[%emt 00:00:56]} 7. cxd5 {[%clk 01:01:50]} {[%emt 00:00:30]} exd5
{[%clk 01:01:01]} {[%emt 00:00:41]} 8. Nc3 {[%clk 01:02:05]} {[%emt 00:00:06]}
c4 {[%clk 01:00:32]} {[%emt 00:00:56]} 9. e4 {[%clk 01:02:19]} {[%emt
00:00:16]} dxe4 {[%emt 00:02:39]} 10. Nxe4 {[%clk 01:02:33]} Qd7 {[%clk
00:57:44]} {[%emt 00:01:33]} 11. Bf4 {[%clk 01:01:41]} {[%emt 00:01:13]} O-O-O
{[%clk 00:56:47]} {[%emt 00:01:27]} 12. Rc1 {[%clk 01:01:45]} {[%emt 00:00:40]}
Qe6 {[%clk 00:54:54]} {[%emt 00:02:27]} 13. Re1 {[%clk 01:01:55]} {[%emt
00:00:12]} Qd5 {[%clk 00:54:14]} {[%emt 00:01:04]} 14. Nc3 {[%clk 00:56:59]}
{[%emt 00:05:23]} Qh5 {[%clk 00:52:56]} {[%emt 00:01:48]} 15. d5 {[%clk
00:56:36]} {[%emt 00:01:14]} Bc5 {[%clk 00:51:29]} {[%emt 00:01:39]} 16. dxc6
{[%clk 00:56:39]} {[%emt 00:00:25]} Bxc6 {[%clk 00:47:22]} {[%emt 00:05:16]} 17.
Qe2 {[%clk 00:56:42]} Re8 {[%clk 00:47:39]} {[%emt 00:00:12]} 18. Ne5 {[%clk
00:55:21]} {[%emt 00:01:39]} Qxe2 {[%clk 00:46:28]} {[%emt 00:01:44]} 19. Bh3+
{[%clk 00:54:16]} {[%emt 00:01:32]} Kb7 {[%clk 00:46:08]} {[%emt 00:00:50]} 20.
Rxe2 {[%clk 00:54:34]} {[%emt 00:00:13]} Ne7 {[%clk 00:43:55]} {[%emt
00:02:44]} 21. Rce1 {[%clk 00:52:07]} {[%emt 00:02:54]} Ng6 {[%clk 00:40:43]}
{[%emt 00:03:44]} 22. Nxg6 {[%clk 00:50:54]} {[%emt 00:02:13]} Rxe2 {[%clk
00:39:28]} {[%emt 00:01:12]} 23. Rxe2 {[%clk 00:51:12]} {[%emt 00:00:37]} hxg6
{[%clk 00:39:26]} {[%emt 00:00:10]} 24. Bg2 {[%clk 00:51:35]} {[%emt 00:00:13]}
Rd8 {[%clk 00:38:53]} {[%emt 00:00:55]} 25. Bxc6+ {[%clk 00:51:50]} {[%emt
00:00:40]} Kxc6 {[%clk 00:39:12]} 26. Rd2 {[%clk 00:50:57]} {[%emt 00:01:08]}
Re8 {[%clk 00:38:35]} {[%emt 00:01:10]} 27. Kf1 {[%clk 00:51:02]} {[%emt
00:00:22]} f6 {[%clk 00:38:40]} {[%emt 00:00:40]} 28. h4 {[%clk 00:51:19]} b5
{[%clk 00:38:27]} {[%emt 00:00:42]} 29. Re2 {[%clk 00:50:18]} {[%emt 00:01:31]}
Rxe2 {[%clk 00:37:58]} {[%emt 00:00:58]} 30. Kxe2 {[%clk 00:50:36]} {[%emt
00:00:14]} Bd4 {[%clk 00:38:10]} {[%emt 00:00:20]} 31. Be3 {[%clk 00:50:35]}
{[%emt 00:01:12]} Bxe3 {[%clk 00:37:34]} {[%emt 00:00:23]} 32. Kxe3 {[%clk
00:50:51]} {[%emt 00:00:35]} Kc5 {[%clk 00:37:52]} 33. a3 {[%clk 00:50:45]}
{[%emt 00:00:27]} a5 {[%clk 00:38:15]} {[%emt 00:00:12]} 34. g4 {[%clk
00:50:00]} {[%emt 00:01:32]} b4 {[%clk 00:38:39]} 35. axb4+ {[%clk 00:49:32]}
{[%emt 00:00:43]} Kxb4 {[%clk 00:38:16]} {[%emt 00:01:17]} 36. Kd4 {[%clk
00:49:44]} {[%emt 00:00:13]} Kb3 {[%clk 00:38:34]} {[%emt 00:00:05]} 37. Nd5
{[%clk 00:49:23]} {[%emt 00:00:36]} Kxb2 {[%clk 00:38:41]} {[%emt 00:00:39]} 38.
Kxc4 {[%clk 00:49:39]} {[%emt 00:00:09]} a4 {[%clk 00:38:59]} {[%emt 00:00:05]}
39. Nc3 {[%clk 00:49:52]} {[%emt 00:00:14]} a3 {[%clk 00:39:20]} {[%emt
00:00:38]} 40. Kb4 {[%clk 00:49:59]} {[%emt 00:00:08]} a2 {[%clk 00:39:40]}
{[%emt 00:00:05]} 41. Nxa2 {[%clk 00:50:21]} {[%emt 00:00:04]} Kxa2 {[%clk
00:40:03]} {[%emt 00:00:06]} 42. Kc5 {[%clk 00:50:46]} {[%emt 00:00:14]} Kb3
{[%clk 00:40:14]} {[%emt 00:00:20]} 43. Kd5 {[%clk 00:51:08]} {[%emt 00:00:05]}
Kc3 {[%clk 00:40:30]} {[%emt 00:00:06]} 44. Ke6 {[%clk 00:51:22]} {[%emt
00:00:15]} Kd4 {[%clk 00:40:40]} {[%emt 00:00:17]} 45. Kf7 {[%clk 00:51:38]}
{[%emt 00:00:14]} f5 {[%clk 00:37:41]} {[%emt 00:03:30]} 46. gxf5 {[%clk
00:51:43]} {[%emt 00:00:51]} gxf5 {[%clk 00:38:01]} 47. Kxg7 {[%clk 00:52:08]}
Ke4 {[%clk 00:38:21]} {[%emt 00:00:05]} 48. h5 {[%clk 00:52:33]} {[%emt
00:00:04]} Kf3 {[%clk 00:38:42]} {[%emt 00:00:05]} 49. h6 {[%clk 00:52:58]}
{[%emt 00:00:05]} Kxf2 {[%clk 00:39:03]} {[%emt 00:00:09]} 50. h7 {[%clk
00:53:24]} {[%emt 00:00:04]} f4 {[%clk 00:39:27]} {[%emt 00:00:20]} 51. h8=Q
{[%clk 00:53:44]} {[%emt 00:00:04]} f3 {[%clk 00:39:53]} 52. Qh2+ {[%clk
00:53:36]} {[%emt 00:00:46]} Ke1 {[%clk 00:39:06]} {[%emt 00:01:03]} 53. Qg1+
{[%clk 00:52:38]} {[%emt 00:02:06]} Ke2 {[%clk 00:39:23]} 54. Qg4 {[%clk
00:53:00]} {[%emt 00:00:04]} Ke3 {[%clk 00:38:35]} {[%emt 00:00:55]} 55. Qg5+
{[%clk 00:52:54]} {[%emt 00:00:57]} Kd3 {[%clk 00:38:20]} {[%emt 00:00:28]} 56.
Qd5+ {[%clk 00:53:01]} {[%emt 00:00:36]} Ke2 {[%clk 00:38:37]} 57. Qe4+ {[%clk
00:53:28]} {[%emt 00:00:10]} Kf2 {[%clk 00:38:46]} {[%emt 00:00:11]} 58. Kf6
{[%clk 00:53:49]} {[%emt 00:00:43]} Kg3 {[%clk 00:39:02]} {[%emt 00:00:09]} 59.
Qe5+ {[%clk 00:53:59]} {[%emt 00:00:13]} Kg2 {[%clk 00:39:13]} {[%emt
00:00:10]} 60. Qg5+ {[%clk 00:53:20]} {[%emt 00:01:10]} Kf1 {[%clk 00:39:25]}
{[%emt 00:00:08]} 61. Qb5+ {[%clk 00:53:07]} {[%emt 00:00:39]} Kg1 {[%clk
00:39:37]} {[%emt 00:00:30]} 62. Qb1+ {[%clk 00:52:48]} {[%emt 00:00:39]} Kg2
{[%clk 00:39:52]} {[%emt 00:00:11]} 63. Qe4 {[%clk 00:53:14]} {[%emt 00:00:10]}
Kg3 {[%clk 00:39:53]} {[%emt 00:00:51]} 64. Qg6+ {[%clk 00:50:26]} {[%emt
00:02:55]} Kh2 {[%clk 00:39:45]} {[%emt 00:00:38]} 65. Qh5+ {[%clk 00:50:47]}
{[%emt 00:00:09]} Kg3 {[%clk 00:39:52]} {[%emt 00:00:22]} 66. Qh1 {[%clk
00:50:58]} {[%emt 00:00:16]} Kf2 {[%clk 00:40:13]} {[%emt 00:00:38]} 67. Kf5
{[%clk 00:51:23]} Ke2 {[%clk 00:40:27]} {[%emt 00:00:04]} 68. Kf4 {[%clk
00:51:07]} {[%emt 00:00:38]} f2 {[%clk 00:40:42]} {[%emt 00:00:14]} 69. Qf3+
{[%clk 00:51:08]} {[%emt 00:00:26]} Ke1 {[%clk 00:40:24]} {[%emt 00:00:49]} 70.
Qh3 {[%emt 00:00:54]} Ke2 {[%emt 00:00:12]} 71. Qh1 Ke1 {[%emt 00:00:28]} 72.
Kf5+ Kf1 73. Qe4 Kg1 {[%emt 00:00:09]} 74. Kf4 Kg2 {[%emt 00:00:05]} 75. Qe2
{[%emt 00:00:05]} Kg1 {[%emt 00:00:10]} 76. Qg4+ {[%emt 00:00:06]} Kh1 {[%emt
00:00:10]} 77. Qh3+ {[%emt 00:00:18]} Kg1 78. Qg3+ Kh1 79. Qh3+ {[%emt
00:00:14]} Kg1 1-0

[ePGN "0.1;DGT LiveChess/2.2.7"]

[Event "Williamson Sheild 2026"]
[Site "Maynard Sinclaire Pavilion, Stormont, Belfast, United Kingdom"]
[Date "2026.01.25"]
[Round "5.6"]
[White "Annesley, Gareth"]
[Black "Alwin, Micheal"]
[Result "1/2-1/2"]
[TimeControl "60' + 30\""]
[WhiteFideId "250762"]
[BlackFideId "25150103"]
[WhiteElo "1920"]
[BlackElo "1852"]

1. e4 {[%clk 00:34:03]} {[%emt 00:04:47]} e5 {[%clk 01:00:53]} {[%emt
00:00:44]} 2. Nf3 {[%clk 00:33:52]} {[%emt 00:00:05]} Nc6 {[%clk 01:01:19]}
{[%emt 00:00:15]} 3. Nc3 {[%clk 00:34:15]} Nf6 {[%clk 01:01:45]} {[%emt
00:00:04]} 4. a3 {[%clk 00:34:31]} {[%emt 00:00:37]} d5 {[%clk 01:01:58]}
{[%emt 00:00:08]} 5. exd5 {[%clk 00:32:04]} {[%emt 00:02:42]} Nxd5 {[%clk
01:02:26]} {[%emt 00:00:04]} 6. Bb5 {[%clk 00:32:09]} {[%emt 00:01:00]} Nxc3
{[%clk 01:02:46]} 7. bxc3 {[%clk 00:32:31]} {[%emt 00:00:04]} Bd6 {[%clk
01:03:06]} 8. d4 {[%clk 00:31:39]} {[%emt 00:01:08]} exd4 {[%clk 01:03:16]}
{[%emt 00:00:32]} 9. cxd4 {[%clk 00:31:52]} {[%emt 00:00:08]} O-O {[%clk
01:03:30]} {[%emt 00:00:40]} 10. O-O {[%clk 00:32:06]} Bg4 {[%clk 01:03:52]}
{[%emt 00:00:05]} 11. c3 {[%clk 00:31:33]} {[%emt 00:01:20]} Qf6 {[%clk
01:03:51]} {[%emt 00:00:07]} 12. Be2 {[%clk 00:31:27]} {[%emt 00:00:33]} h6
{[%clk 01:03:38]} {[%emt 00:01:08]} 13. h3 {[%clk 00:30:45]} {[%emt 00:00:46]}
Bh5 {[%clk 01:03:46]} {[%emt 00:00:30]} 14. Nh2 {[%clk 00:30:36]} {[%emt
00:00:31]} Bxe2 {[%clk 01:03:52]} {[%emt 00:00:45]} 15. Qxe2 {[%clk 00:30:53]}
Rfe8 {[%clk 01:04:18]} {[%emt 00:00:04]} 16. Qd3 {[%clk 00:28:39]} {[%emt
00:02:35]} Bxh2+ {[%clk 01:04:25]} {[%emt 00:00:44]} 17. Kxh2 {[%clk 00:29:06]}
Rad8 {[%clk 01:04:44]} {[%emt 00:00:09]} 18. Qg3 {[%clk 00:25:18]} {[%emt
00:04:05]} Re7 {[%clk 01:03:24]} {[%emt 00:02:18]} 19. Bf4 {[%clk 00:25:28]}
Rd5 {[%clk 01:00:59]} {[%emt 00:02:45]} 20. Rae1 {[%clk 00:23:26]} {[%emt
00:02:32]} Rf5 {[%clk 01:00:41]} {[%emt 00:00:55]} 21. Rxe7 {[%clk 00:21:46]}
{[%emt 00:02:03]} Qxe7 {[%clk 01:00:50]} {[%emt 00:00:32]} 22. Bxh6 {[%clk
00:20:58]} {[%emt 00:01:41]} g6 {[%clk 01:00:45]} {[%emt 00:00:04]} 1/2-1/2